000 00362nam a22001217a 4500
999 _c3566
_d3566
005 20201208095841.0
008 201208b ||||| |||| 00| 0 eng d
020 _a9780627030727
040 _cCML
245 _aThe Effective Management of a School.
_cBotha R.J.
260 _aPretoria
_bVan Schaik
_c2013
942 _2ddc
_cBK
_e1st Edition
_h371
_mBOT